Score 0/28 Timer 06:00
74 Plays Today
Question Answer Wrong Answers
Czechoslovakia separates into Czech Republic and Slovakia New Year's Day
46.8%
April Fool's Day
14.6%
Halloween
8.6%
New Year's Eve
9.3%
VH1 makes its broadcasting debut New Year's Day
45.2%
April Fool's Day
15.3%
Halloween
8.9%
New Year's Eve
9.9%
Louie Marx introduces Yo-Yo April Fool's Day
42.7%
New Year's Day
16.7%
Halloween
13.7%
New Year's Eve
5.9%
First Monday Night Football game in Indianapolis Halloween
42.7%
New Year's Day
16.8%
April Fool's Day
11.1%
New Year's Eve
6.6%
Paula Jones' sexual harassment case against President Bill Clinton is thrown out of court April Fool's Day
40.5%
New Year's Day
13.2%
Halloween
19.6%
New Year's Eve
4.4%
Alcatraz officially becomes a federal prison New Year's Day
39.5%
April Fool's Day
18.9%
Halloween
12.5%
New Year's Eve
6.6%
The White House officially reopens after burning down during the War of 1812 New Year's Day
39%
April Fool's Day
21%
Halloween
13.4%
New Year's Eve
6%
Stephen Wozniak and Steven Jobs founded Apple Computer April Fool's Day
38.3%
New Year's Day
20%
Halloween
13.6%
New Year's Eve
6.4%
J. Edgar Hoover's last meeting with president John F. Kennedy Halloween
37.5%
New Year's Day
15.7%
April Fool's Day
18.9%
New Year's Eve
7.8%
Building of the Panama Canal begins New Year's Day
37.4%
April Fool's Day
21.7%
Halloween
12.5%
New Year's Eve
7.1%
Baseball Hall Of Fame opens in Cooperstown, NY April Fool's Day
36.7%
New Year's Day
24.3%
Halloween
12.5%
New Year's Eve
5%
Wrestlemania VI takes place at the Toronto SkyDome April Fool's Day
35.4%
New Year's Day
17.4%
Halloween
17.9%
New Year's Eve
7.2%
Ruins of Pompeii found April Fool's Day
35.3%
New Year's Day
18.1%
Halloween
18.7%
New Year's Eve
5.7%
Milwaukee Bucks win their 1st game Halloween
35%
New Year's Day
15.3%
April Fool's Day
23.3%
New Year's Eve
6%
Mount Rushmore is completed Halloween
30.3%
New Year's Day
18.5%
April Fool's Day
22.7%
New Year's Eve
6.4%
Weight Watchers forms April Fool's Day
29.6%
New Year's Day
29.1%
Halloween
11.7%
New Year's Eve
7.4%
Def Leppard's drummer Rick Allen loses his arm in a car crash New Year's Eve
27.7%
New Year's Day
17.9%
April Fool's Day
18.1%
Halloween
14.9%
Giuseppe Piazzi discovers first asteroid New Year's Day
27.3%
April Fool's Day
25%
Halloween
17%
New Year's Eve
9.1%
Elvis Presley records 'Heartbreak Hotel' New Year's Day
24.6%
April Fool's Day
27.2%
Halloween
17.6%
New Year's Eve
9.3%
The NFL's 'Ice Bowl' game takes places between the Packers and Cowboys New Year's Eve
24.5%
New Year's Day
38.3%
April Fool's Day
7.5%
Halloween
8.1%
Bob Barker retires from The Price Is Right after 35 years as the host Halloween
22.9%
New Year's Day
15.2%
April Fool's Day
25.7%
New Year's Eve
14%
Nevada admitted as 36th State Halloween
22.3%
New Year's Day
32.3%
April Fool's Day
18.2%
New Year's Eve
6.3%
Lyndon Johnson orders a halt to all bombing of North Vietnam Halloween
22.2%
New Year's Day
25.1%
April Fool's Day
19.9%
New Year's Eve
11.6%
The world's largest Ferris Wheel (The London Eye) opens New Year's Eve
21.7%
New Year's Day
31.4%
April Fool's Day
16.3%
Halloween
9.2%
The NFL's 'Fog Bowl' game takes places between the Bears and Eagles New Year's Eve
20.7%
New Year's Day
25.4%
April Fool's Day
9.4%
Halloween
23.4%
Control of the Panama Canal reverts to Panama New Year's Eve
15.4%
New Year's Day
42.7%
April Fool's Day
12.1%
Halloween
7.9%
Ellis Island in New York City opens as a U.S. immigration depot New Year's Eve
13%
New Year's Day
40.2%
April Fool's Day
17.8%
Halloween
9.2%
Sci-Fi Channel on cable TV begins transmitting New Year's Eve
10.3%
New Year's Day
29.3%
April Fool's Day
16.4%
Halloween
22.4%
Remove Ads.
Support Sporcle.
Get the best of Sporcle when you Go Orange. This ad-free experience offers more features, more stats, and more fun while also helping to support Sporcle. Thank you for becoming a member.

You're not logged in!

Compare scores with friends on all Sporcle quizzes.
OR
Log In

Show Comments

Extras

Top Quizzes Today


Score Distribution

Your Account Isn't Verified!

In order to create a playlist on Sporcle, you need to verify the email address you used during registration. Go to your Sporcle Settings to finish the process.

Report this User

Report this user for behavior that violates our Community Guidelines.

Details: